Análisis de ciclo de vida medioambiental como herramienta en la optimización de procesos /
Guardado en:
| Otros Autores: | |
|---|---|
| Formato: | Manuscrito |
| Idioma: | Spanish |
| Publicado: |
2008.
|
| Materias: | |
| Etiquetas: |
Agregar Etiqueta
Sin Etiquetas, Sea el primero en etiquetar este registro!
|
| LEADER | 01109ntm a22002655a 4500 | ||
|---|---|---|---|
| 001 | EIQ.libpla004180 | ||
| 008 | 080912s2008####ag#a#####bm###000#0#spa#d | ||
| 005 | 20080912174301.0 | ||
| 245 | 1 | 0 | |a Análisis de ciclo de vida medioambiental como herramienta en la optimización de procesos / |c Pablo Enrique Martínez. |
| 260 | |c 2008. | ||
| 300 | |a xix, 286 p. : |b il. ; |c 21 cm. | ||
| 502 | |a Tesis (doctorado)--Universidad Nacional del Sur. Departamento de Ingeniería Química, 2008. | ||
| 500 | |a Director de tesis: Dra. Ana María Eliceche. | ||
| 504 | |a Incluye referencias bibliográficas. | ||
| 100 | 1 | |a Martínez, Pablo Enríque. |4 dis | |
| 710 | 2 | |a Universidad Nacional del Sur (UNS). |b Dto. de Ingeniería Química |4 dgg. | |
| 650 | 4 | |a Medio ambiente |x Tesis. | |
| 650 | 4 | |a Optimización de procesos |x Herramientas. | |
| 650 | 4 | |a Factor de impacto |x Medio ambiente. | |
| 650 | 4 | |a Ciclo de vida |x Análisis. | |
| 650 | 4 | |a Environment |x Thesis. | |
| 650 | 4 | |a Process optimization |x Tools. | |
| 650 | 4 | |a Life cycle |x Analysis. | |
| 040 | |a AR-BbSID |b spa |c AR-BbSID | ||
| 859 | |a AR-BbSID |b BIB. PLAPIQUI |h 333.714 |i M 366 |p 6090 | ||
